| 000 | 00846cam a2200241 i 4500 | ||
|---|---|---|---|
| 003 | SA-RiAUC | ||
| 005 | 20241003151633.0 | ||
| 008 | 241002s1992 su g 0000e ara c | ||
| 040 |
_aSA-RiAUC _bara _cSA-RiAUC _erda |
||
| 043 | _aa-su--- | ||
| 082 | 0 | 4 |
_a819 _qSA-RiAUC |
| 090 |
_a819 _bز ي د |
||
| 100 | 1 |
_aزيدان، محمد حسين، _d1325-1412 هجري _eمؤلف. |
|
| 245 | 1 | 0 |
_aمخلاة الكاتب .. كشكول القارئ. _cتأليف محمد حسين زيدان. |
| 250 | _aالطبعة الأولى. | ||
| 264 | 1 |
_aالرياض : _bمحمد حسين زيدان، _c1992 |
|
| 300 |
_aمجلدات ؛ _c24 سم |
||
| 336 |
_aنص _btxt _2rdacontent _3كتاب |
||
| 337 |
_aبدون وسيط _bn _2rdamedia |
||
| 338 |
_aمجلد _bnc _2rdacarrier |
||
| 942 |
_2ddc _cBOOK _n0 |
||
| 949 |
_aSA-JeALM _d241002 _umohamedma123 _n1 |
||
| 999 |
_c860 _d860 |
||